00457nam a2200193Ia 4500008004000000041000800040082001100048100002600059245004500085260004300130300001200173650001100185650001300196650001500209650001400224650001200238650000700250650000600257210210b1963 xxu||||| |||| 00| 0 eng d aeng a384/63 aSTEMBRIDGE (Jasper H) aWorld: a general regional geography Ed 2 aLondonbOxford University Pressc1963 axii,530 aWorld: aregional ageographyh ageography ageneral aEd a2